书目信息 |
| 题名: |
一路顺丰
|
|
| 作者: | 刘志则 , 张吕清 著 | |
| 分册: | ||
| 出版信息: | 北京 北京时代华文书局 2017 |
|
| 页数: | 270页 | |
| 开本: | 24cm | |
| 丛书名: | ||
| 单 册: | ||
| 中图分类: | K825.38=76 , F632.3 | |
| 科图分类: | ||
| 主题词: | 企业家--qi ye jia--生平事迹--中国--现代 , 快递--kuai di--邮电企业--企业经营管理--经验--中国 | |
| 电子资源: | ||
| ISBN: | 978-7-5699-1314-9 | |
| 000 | 01114nam0 22002771 450 | |
| 001 | 1738620025 | |
| 005 | 20170627164641.0 | |
| 010 | @a978-7-5699-1314-9@dCNY39.00 | |
| 100 | @a20170301d2017 em y0chiy50 ea | |
| 101 | 0 | @achi |
| 102 | @aCN@b110000 | |
| 105 | @ay z 000yd | |
| 106 | @ar | |
| 200 | 1 | @a一路顺丰@9yi lu shun feng@e“快递之王”的传奇人生@f刘志则,张吕清著 |
| 210 | @a北京@c北京时代华文书局@d2017 | |
| 215 | @a270页@d24cm | |
| 330 | @a本书既是一本顺丰成长史,也是一本最贴近王卫的个人传记,细述了王卫作为快递一哥的成长经历:创立顺丰、力排众议进行直营化改造、进军电商、布局互联网、跨界金融、谋求上市,不断扩大自己的商业版图。顺丰在快递业的成功,反映出王卫不平凡的商业智慧。 | |
| 517 | 1 | @a“快递之王”的传奇人生@9kuai di zhi wang de chuan qi ren sheng |
| 606 | 0 | @a企业家@9qi ye jia@x生平事迹@y中国@z现代 |
| 606 | 0 | @a快递@9kuai di@x邮电企业@x企业经营管理@x经验@y中国 |
| 690 | @aK825.38=76@v5 | |
| 690 | @aF632.3@v5 | |
| 701 | 0 | @a刘志则@9liu zhi ze@4著 |
| 701 | 0 | @a张吕清@9zhang lv qing@f(1972~)@4著 |
| 801 | 0 | @aCN@bTANGWEI@c20170626 |
| 905 | @b1016198-203@dK825.38=76@e984@f6 | |
| 一路顺丰:“快递之王”的传奇人生/刘志则,张吕清著.-北京:北京时代华文书局,2017 |
| 270页;24cm |
| ISBN 978-7-5699-1314-9:CNY39.00 |
| 本书既是一本顺丰成长史,也是一本最贴近王卫的个人传记,细述了王卫作为快递一哥的成长经历:创立顺丰、力排众议进行直营化改造、进军电商、布局互联网、跨界金融、谋求上市,不断扩大自己的商业版图。顺丰在快递业的成功,反映出王卫不平凡的商业智慧。 |
| ● |
| 相关链接 |
|
|
|
|
正题名:一路顺丰
索取号:K825.38=76/984
 
预约/预借
| 序号 | 登录号 | 条形码 | 馆藏地/架位号 | 状态 | 备注 |
| 1 | 1016198 | 210161983 | 第二样本阅览室/ [索取号:K825.38=76/984] | 在馆 | |
| 2 | 1016199 | 210161992 | 教育系资料室/ [索取号:K825.38=76/984] | 在馆 | |
| 3 | 1016200 | 210162009 | 教育系资料室/ [索取号:K825.38=76/984] | 在馆 | |
| 4 | 1016201 | 210162018 | 教育系资料室/ [索取号:K825.38=76/984] | 在馆 | |
| 5 | 1016202 | 210162027 | 第二借阅区/ [索取号:K825.38=76/984] | 在馆 | |
| 6 | 1016203 | 210162036 | 第二借阅区/ [索取号:K825.38=76/984] | 在馆 |